Kỹ thuật phòng thí nghiệm Phần 1

Sách về thực hành cho những người làm việc trong các phòng thí nghiệm hoá học. Các thiết bị. dụng cụ dùng trong phòng thí nghiệm. Các thủ thuật khi tiến hành các thí nghiệm hoá học

محفوظ في:
التفاصيل البيبلوغرافية
المؤلف الرئيسي: Vaxcrixenxki, P.I.
مؤلفون آخرون: Đoàn Thế Phiệt (Dịch), Lê Chí Kiên (Dịch), Nguyễn Trọng Uyển (Dịch), Trần Ngọc Mai (Dịch)
التنسيق: كتاب
منشور في: H. Đại học và trung học chuyên nghiệp 1979
الموضوعات:
الوسوم: إضافة وسم
لا توجد وسوم, كن أول من يضع وسما على هذه التسجيلة!
Thư viện lưu trữ: Mạng thư viện Đại học Đà Nẵng
LEADER 01683nam a22004338a 4500
001 000008769
003 4961
005 20120605160654.0
008 111020s1979 b 000 0 od
020 |c 7500đ  |d 6000b 
041 0 |a dịch nga 
082 |a 542.1  |b VA-P 
084 |a D  |b K000ỹ 
100 1 |a Vaxcrixenxki, P.I. 
245 1 0 |a Kỹ thuật phòng thí nghiệm  |b Phần 1  |c P.I. Vaxcrixenxki; Dịch: Lê Chí Kiên,... 
260 |a H.  |b Đại học và trung học chuyên nghiệp  |c 1979 
300 |a 271tr.: hình vẽ  |c 22cm 
500 |a Dịch từ nguyên bản tiếng Nga xuất bản lần 9 
505 |a Ph.1 
520 |a Sách về thực hành cho những người làm việc trong các phòng thí nghiệm hoá học. Các thiết bị. dụng cụ dùng trong phòng thí nghiệm. Các thủ thuật khi tiến hành các thí nghiệm hoá học 
653 |a phòng thí nghiệm 
653 |a thiết bị 
653 |a dụng cụ 
653 |a Hoá học 
700 1 |a Đoàn Thế Phiệt  |e Dịch 
700 1 |a Lê Chí Kiên  |e Dịch 
700 1 |a Nguyễn Trọng Uyển  |e Dịch 
700 1 |a Trần Ngọc Mai  |e Dịch 
910 |a Nguyễn Thị Kim Oanh  |d 20/10/2011 
OWN |a LSP 
AVA |a UDN50  |b LSP  |d 542.1 VA-P  |e available  |t Error 5001 Not defined in file expand_doc_bib_avail.  |f 5  |g 3  |h N  |i 0  |k 1 
999 |a From the UDN01 
AVA |a UDN50  |b LSP  |d 542.1 VA-P  |e available  |t Error 5001 Not defined in file expand_doc_bib_avail.  |f 5  |g 3  |h N  |i 0  |k 1 
TYP |a Monograph 
TYP |a Printed language 
980 |a Mạng thư viện Đại học Đà Nẵng